01190nam a2200289 a 450000100100000000500170001000800410002702000150006804000250008308200160010824501490012426000870027330000420036049000250040250000210042750000730044865100470052170000370056870000230060570000240062870000230065270000250067570000350070083000310073595201190076699900150088500000233520200929150203.0090701s1992 sp abc 001 0 spa d a8486168716 aDO-SdBNPbspacBNPHU axxxxbL486e00aLeer y escribir en España :bdoscientos años de alfabetización /cdirección Agustín Escolano ; colaboradores R. F. Arnove... [et.al.]. aMadrid, España :bFundación Germán Sánchez Ruipérez ; Pirámide,c1992. a418 p. :bil., map., retrs. ;c26 cm.1 aBiblioteca del libro aIncluye índice aIncluye referencias bibliográficas y notas al pie de las páginas 4aEspañaxAlfabetizaciónxHistoria974231 aMartínez, B. Bartolomé974241 aDávila, P.974251 aEizagirre, A.974261 aEscolano, A.974271 aGabriel, N. de974281 aGonzález Agápito, J.97429 0aBiblioteca del libro97397 001054708MOaGRbGRcCTd2009-07-02iLF1l0oxxxx L486ep2335-10r2020-06-25w2020-06-25y4ZPréstamo en sala c2180d2180